| Registos Bibliográficos associados ao registo de autoridade |
|
Etiqueta de registo: 00254nam 2200025 450 001 2286202 003 http://id.bnportugal.gov.pt/bib/catbnp/2286202 100 ## $a20260512d2025 k y0pory01030103ba 101 0# $aeng$dpor$dspa 102 ## $aPT 105 ## $aa m 000yy 106 ## $ar 200 1# $aGenerating fuel types and parameters by fusion of optical and radar data for fuel
management and wildfire risk reduction$fPegah Mohammadpour$gorient. Domingos Xavier Filomeno Carlos Viegas, Emilio Chuvieco Salinero, Alcides
José Sousa Castilho Pereira 210 #9 $aCoimbra$c[s.n.],$d2025 215 ## $aXXX, 281 p.$cil.$d30 cm 328 #1 $aTese dout. Mechanical Engineering, Aerodynamics, Natural and Technological Risks,
Faculty of Sciences and Technology of the University of Coimbra, 2025 675 ## $a662.6(043)$vBN$zpor$31436237 675 ## $a621.39(043)$vBN$zpor$3297878 700 #1 $aMohammadpour,$bPegah$31998199 702 #1 $aViegas,$bDomingos Xavier,$f1950-$4727$342736 702 #1 $aChuvieco Salinero,$bEmilio,$f1960-$4727$31998200 702 #1 $aPereira,$bAlcides Castilho,$f1933-$4727$31235535 801 #0 $aPT$bBN$gRPC 966 ## $lBN$mFGMON$sS.A. 194142 V.$x1 971 ## $cisantos$d20260512 972 ## $e0$z0$d20260703$vasantos 973 ## $cigoulao$d20260626
|
|
|